[Event "Angers op 1st"]
[Site "Angers"]
[Date "2006.05.08"]
[Round "5"]
[White "Thierauch, Jacob"]
[Black "Broin, Christian"]
[Result "0-1"]
[WhiteElo "1499"]
[BlackElo "1804"]
[PlyCount "101"]
[EventDate "2006.05.06"]
[EventType "swiss"]
[EventRounds "6"]
[EventCountry "FRA"]
[SourceTitle "EXT 2007"]
[Source "ChessBase"]
[SourceDate "2006.11.23"]
[SourceVersion "1"]
[SourceVersionDate "2006.11.23"]
[SourceQuality "1"]

1. d4 Nf6 2. c4 g6 3. Nc3 Bg7 4. e4 d6 5. f4 0-0 6. Nf3 c5 7. d5 e6 8. Be2 exd5 9. cxd5 Re8 10. Bd3 Nxe4 11. Nxe4 f5 12. Qe2 fxe4 13. Bxe4 Bf5 14. Ng5 Qxg5 15. fxg5 Rxe4 16. Be3 Bd4 17. 0-0 Rxe3 18. Qc4 Rc3+ 19. Qxd4 cxd4 20. bxc3 dxc3 21. Rfe1 Nd7 22. Re7 Rc8 23. Rc1 c2 24. Kf2 Ne5 25. Ke2 Nd3 26. Kd2 Nc5 27. h3 Ne4+ 28. Ke3 Nc3 29. g4 Be4 30. Rxe4 Nxe4 31. Kxe4 b5 32. Kd3 Kf7 33. Rxc2 Rxc2 34. Kxc2 Ke7 35. Kb3 a5 36. a3 Kd7 37. Kc3 Kc7 38. h4 Kb6 39. h5 Kc5 40. Kd3 Kxd5 41. Kc3 Kc5 42. hxg6 hxg6 43. Kb3 d5 44. Kc3 b4+ 45. axb4+ axb4+ 46. Kd3 d4 47. Kc2 Kc4 48. Kb2 b3 49. Kc1 Kc3 50. Kb1 b2 51. Ka2 0-1